Diego Barros Ortiz, aviador y poeta
Gorde:
| Egile nagusia: | |
|---|---|
| Formatua: | Liburua |
| Hizkuntza: | gaztelania |
| Argitaratua: |
Santiago
Fundación Arturo Merino Benitez
2000
|
| Gaiak: | |
| Etiketak: |
Etiketa erantsi
Etiketarik gabe, Izan zaitez lehena erregistro honi etiketa jartzen!
|
MARC
| LEADER | 00000nam a2200000 a 4500 | ||
|---|---|---|---|
| 001 | UCH8059 | ||
| 003 | CL-VaPUC | ||
| 008 | 091127e20000000CL |||||||||||||||||spa|d | ||
| 020 | |a 9567977046 | ||
| 082 | 0 | 4 | |a 923.583 |b CAS |2 21 |
| 100 | 0 | |a Castro Sauritain, Carlos |e author |9 544452 | |
| 245 | 1 | 0 | |a Diego Barros Ortiz, aviador y poeta |
| 300 | |a 229 p | ||
| 942 | |c BK | ||
| 945 | |d 20091127 00:00:00 |a ccalabra | ||
| 260 | |a Santiago |b Fundación Arturo Merino Benitez |c 2000 | ||
| 650 | 0 | |a Historia de Chile |9 265473 | |
| 650 | 0 | |a Biografías |9 255210 | |
| 650 | 7 | |a AVIACION |2 CL-VaPUC |9 358705 | |
| 650 | 0 | |a Poetas chilenos |9 326722 | |
| 650 | 7 | |a FUERZA AEREA DE CHILE |2 CL-VaPUC |9 437842 | |
| 650 | 0 | |a Fuerzas Armadas |9 255504 | |
| 651 | 7 | |a CHILE |2 CL-VaPUC |9 544453 | |
| 583 | |a last modification |c 20091127 00:00:00 |k Rodrigo Vera | ||
| 999 | |c 338316 |d 338314 | ||